География СССР. Вып. 3: География населения в СССР (Запись № 8338070)

Подробности
000 -МАРКЕР
контрольное поле 01654nam2a22003011 4500
001 - ИДЕНТИФИКАТОР ЗАПИСИ
контрольное поле rc\4367854
005 - ИДЕНТИФИКАТОР ВЕРСИИ
контрольное поле 20250612062236.0
021 ## - НОМЕР ГОСУДАРСТВЕННОЙ РЕГИСТРАЦИИ
Код страны Российская Федерация
Номер [66-50653ж]
035 ## - ДРУГИЕ СИСТЕМНЫЕ НОМЕРА
Идентификатор записи (NLR Aleph) 008539471
100 ## - ДАННЫЕ ОБЩЕЙ ОБРАБОТКИ
Данные общей обработки 20130416d1966 |||y0rusy50 ca
101 0# - ЯЗЫК РЕСУРСА
Язык текста, звукозаписи и т.д. русский
102 ## - СТРАНА ПУБЛИКАЦИИ ИЛИ ПРОИЗВОДСТВА
Страна публикации Российская Федерация
105 ## - ПОЛЕ КОДИРОВАННЫХ ДАННЫХ: ТЕКСТОВЫЕ МАТЕРИАЛЫ, МОНОГРАФИЧЕСКИЕ
Кодированные данные о монографическом текстовом документе y z |||||
200 1# - ЗАГЛАВИЕ И СВЕДЕНИЯ ОБ ОТВЕТСТВЕННОСТИ
Основное заглавие География населения в СССР
210 ## - ПУБЛИКАЦИЯ, РАСПРОСТРАНЕНИЕ И ДР.
Дата издания, распространения и т.д. 1966
Место издания, распространения и т.д. Б. м.
215 ## - ФИЗИЧЕСКАЯ ХАРАКТЕРИСТИКА
Специфическое обозначение материала и объем 170 с.
Размеры 22
225 1# - СЕРИЯ
Основное заглавие серии Итоги науки
Наименование части Серия "География"
300 ## - ОБЩИЕ ПРИМЕЧАНИЯ
Текст примечания Резюме на англ. яз.
423 #0 - ИЗДАЕТСЯ В ОДНОЙ ОБЛОЖКЕ ВМЕСТЕ С ...
Встроенное поле 1010#$arus
-- 2001#$a[Советская литература по географии населения. (1961-1965 гг.)]
-- 700#1$aПархоменко$bИ.И.$gИя Ивановна
-- 701#1$aТерновская$bГ.Н.
Заглавие [Советская литература по географии населения. (1961-1965 гг.)]
Автор Пархоменко, Ия Ивановна
461 #0 - УРОВЕНЬ НАБОРА
Встроенное поле 001rc\4367851
-- 2001#$aГеография СССР$e[Сборник статей$fОтв. ред. И.И. Пархоменко]$gАкад. наук СССР. Ин-т науч. информации. Вып. 1-$vВып. 3
Системный номер (АБИС) связанной записи 8338053
Место публикации Москва
Дата публикации 1965
Первые сведения об ответственности Отв. ред. И.И. Пархоменко]
Имя издателя, распространителя и т.д. Б. и.
Сведения, относящиеся к заглавию [Сборник статей
Заглавие География СССР
Номер тома Вып. 3
606 ## - НАИМЕНОВАНИЕ ТЕМЫ КАК ПРЕДМЕТ
Наименование темы География населения СССР
Формальный подзаголовок Библиография (вып. 3)
Код системы psbo
700 #1 - ИМЯ ЛИЦА - ПЕРВИЧНАЯ ОТВЕТСТВЕННОСТЬ
Начальный элемент ввода Покшишевский
Часть имени, кроме начального элемента ввода В.В.
Расширение инициалов личного имени Вадим Вячеславович
801 #0 - ИСТОЧНИК ЗАПИСИ
Страна Российская Федерация
Организация NLR
Правила каталогизации psbo
801 #1 - ИСТОЧНИК ЗАПИСИ
Страна Российская Федерация
Организация ELAR
Источник данных rusmarc
852 ## - МЕСТОНАХОЖДЕНИЕ И ШИФР ХРАНЕНИЯ
Идентификатор организации NLR
Шифр хранения (Call Number) 65-5/3172
942 ## - ДОПОЛНИТЕЛЬНЫЕ ЭЛЕМЕНТЫ ЗАПИСИ (АБИС)
Тип экземпляра АБИС Книга
980 ## - КОЛЛЕКЦИЯ
Название коллекции Национальная библиография
Экземпляры
Тип экземпляра Дата поступления Библиотека постоянного хранения Библиотека текущего хранения Место хранения Шифр хранения Штрих-код Статус экземпляра
Книга 26.10.2013 РНБ (Московский) РНБ (Московский) Русский книжный фонд: издания с 1957 года 65-5/3172 8539471-10